| 000 | 00878nam a2200265Ia 4500 | ||
|---|---|---|---|
| 003 | OSt | ||
| 005 | 20221002045527.0 | ||
| 006 | a|||||r|||| 00| 0 | ||
| 007 | ta | ||
| 008 | 220930b |||||||| |||| 00| 0 eng d | ||
| 020 |
_a9788120818675 (hbk) _c1000 |
||
| 024 | _a13103 | ||
| 037 |
_b76, 22/03/2014, Motilal Banarsidass Publishers Pvt. Ltd. _cReference Collections |
||
| 040 |
_aCRL _cCRL _beng |
||
| 041 |
_2eng _aeng |
||
| 082 | _aR663x2,1,1, Q3(RR) | ||
| 100 |
_aTorella Raffaele _9428753 |
||
| 245 | 0 | _aIsvarapratyabhijnakarika of utpaladeva | |
| 250 | _a3rd | ||
| 260 |
_aDelhi _bMotilal Banarsidass Publishers India _c2013 |
||
| 300 |
_aLIV, 272p. _ccm. |
||
| 650 | _aPHILOSOPHY | ||
| 942 |
_hR663x2,1,1, Q3(RR) _cref _2CC |
||
| 999 |
_c912605 _d912605 |
||